Culture Générale - Série 2682 - Statistiques

Statistiques générales
  • Ce quiz a été pris 78 fois
  • Le résultat moyen est 3 sur 10
Statistiques - réponses
Question Réponse % Correct
De quel état des Etats Unis Baton Rouge est-elle la capitale ? Louisiane
79%
Bière d'orge, de blé (chez les Anciens, les Gaulois jusqu'au Moyen Âge). cervoise
59%
Dans la même série comment s'appelle le chien ? Pollux
56%
De quel pays Alberto Kenya Fujimori fut-il le président de la République du 28 juillet 1990 au 22 novembre 2000 ? Pérou
34%
Bouger son corps en tous sens, balancer les hanches, les épaules : " se .... trémousser
31%
De quel état des Etats Unis Salem est-elle la capitale ? Oregon
26%
Dans la série télévisée d'animation "Le manège enchanté" des années 60, comment s'appelle la petite fille ? Margote
18%
Palais du sultan, dans l'ancien Empire ottoman - partie du palais où sont enfermées les femmes ; ensemble des femmes du harem. sérail
18%
Sous quel pseudonyme connaissait-on mieux la chanteuse et actrice Léonia Cooreman (1928-2020) ? prénom et nom Annie Cordy
15%
Grand aigle d'Australie et de Nouvelle-Guinée, se nourrissant de moutons, de kangourous, de lapins et de reptiles, nichant dans les arbres uraète
7%
Aucun quiz correspondant
Distribution des résultats
% des personnes avec chaque résultat
Percentile par nombre de réponses
Votre historique - résultats
Vous n’avez pas pris ce quiz